AAA Baseball Teams: Real or Fake? Quiz Stats

Quiz Updated Apr 10, 2012

Challenge
Share
Tweet
Embed
Score 0/39 Timer 03:00
0 Plays Today
Team Name (R)eal or (F)ake? % Correct
Mud Hens???
82.5%
River Cats???
81.8%
Bisons???
81.5%
Redbirds???
79.9%
Zephyrs???
77.1%
Knights???
75.3%
Tides???
75.3%
51s???
74.2%
Aces???
74%
Clippers???
71.4%
Bats???
70.7%
Isotopes???
70.5%
Vortices???
70.2%
Bees???
70%
Express???
69.1%
Sky Sox???
68.6%
Sounds???
67.3%
Mach 1s???
66.4%
Cavalry???
66.3%
IronPigs???
65.8%
Team Name (R)eal or (F)ake? % Correct
Rainiers???
63.9%
Sprockets???
63.7%
Crickets???
63.7%
Lucky Strikes???
63.3%
Machine???
62.2%
Darts???
61.6%
Tsunamis???
61.4%
Burners???
61.2%
Leathermen???
61.1%
Anvils???
60.1%
Glaciers???
56.8%
Prowlers???
56.3%
Sturgeons???
55.2%
Bandidos???
55.1%
Storm Chasers???
54.2%
Blue Streaks???
52.6%
Crushers???
52.3%
Chinooks???
48.7%
Vipers???
39.9%

You're not logged in!

Compare scores with friends on all Sporcle quizzes.
Sign Up with Email
OR
Log In

You Might Also Like...

Show Comments

Extras

Top Quizzes Today


Score Distribution

Your Account Isn't Verified!

In order to create a playlist on Sporcle, you need to verify the email address you used during registration. Go to your Sporcle Settings to finish the process.